000 00320 a2200145 4500
001 155510
040 _cEscola São Tomás de Aquino
100 _aSILVA, Ana Beatriz B.
240 1 0 _aMentes inquietas
_lpor
245 1 0 _aMentes inquietas
362 0 _a2003
440 1 _aGente
697 _aEducação
942 _cBK
999 _c155510
_d155510